| 000 | 01097cam a2200217 4500 | ||
|---|---|---|---|
| 001 | ##L133613 | ||
| 008 | 060523n2004 000 0 eng u | ||
| 035 | _a(Sirsi) u133613 | ||
| 041 | 0 | _aeng | |
| 050 | 0 | 4 | _a346.4104342 $2 18 |
| 110 | 2 |
_aRoyal Institution of Chartered Surveyors _94900 |
|
| 245 | 0 | 0 |
_aLetting _bwhat every landlord should know |
| 260 |
_aLondon _bRICS _c2004 |
||
| 300 |
_a1 _ffolded leaflet _c21cm. |
||
| 505 | 2 | _aQuestions for would-be landlords -- Is your property ready to rent? -- Using an agent -- Letting agents -- Management agents - Whose responsibility is it? -- How RICS can help you | |
| 520 | _aProvides advice aimed at the general public on letting property. Explains the basic legal and practical issues involved in letting a flat or house, and gives a checklist of the process. | ||
| 651 | 4 |
_aEngland and Wales _y1543- |
|
| 690 | _aPROPERTY-RESIDENTIAL PROPERTY-RESIDENTIAL PROPERTY TENURE-LEASEHOLD RESIDENTIAL PROPERTY | ||
| 856 | 4 | 1 |
_uhttps://www.rics.org/site/download_feed.aspx?fileID=189 _zView the item free of charge at www.rics.org... |
| 942 | _n0 | ||
| 999 |
_c105434 _d105434 |
||